000 00724nam a2200241Ia 4500
003 OSt
005 20220930072359.0
006 a|||||r|||| 00| 0
007 ta
008 220926b |||||||| |||| 00| 0 hin d
024 _a19391
037 _cTheses
040 _aCRL
_cCRL
_bhin
041 _2hin
_ahin
100 _aRaghav Prakash
_9529745
110 _aDayanand University. Faculty of Arts. Department of Hindi
_9529746
245 0 _aPashchatya av bhartiya sahitya shastra mein shailli vagyanik avdharna
260 _c1980
650 _aHINDI LITERATURE
_923866
700 _aDayanand University. Faculty of Arts. Department of Hindi
_9529747
942 _cDIS
_2CC
999 _c863807
_d863807